Microsoft Visio dành cho người tự học : (Phiên bản mới 2010)

Sách Microsoft Visio 2010 dành cho người tự học được biên soạn nhằm mục đích giới thiệu, hỗ trợ bạn đọc tiếp cận, tự học nhanh và tốt nhất chương trình đầy quyền năng và tiện ích này. Nội dung sách gồm 14 bài tập, hướng dẫn bạn thiế...

詳細記述

保存先:
書誌詳細
第一著者: Lê, Thuận
フォーマット: 図書
言語:Undetermined
出版事項: Thành phố Hồ Chí Minh Giao thông vận tải 2011
主題:
タグ: タグ追加
タグなし, このレコードへの初めてのタグを付けませんか!
Thư viện lưu trữ: Trung tâm Học liệu Trường Đại học Cần Thơ
LEADER 01369nam a2200229Ia 4500
001 CTU_174240
008 210402s9999 xx 000 0 und d
020 |c 40000 
082 |a 006.6 
082 |b Th502 
100 |a Lê, Thuận 
245 0 |a Microsoft Visio dành cho người tự học : 
245 0 |b (Phiên bản mới 2010) 
245 0 |c Lê Thuận, Thanh Tâm, Quang Huy 
260 |a Thành phố Hồ Chí Minh 
260 |b Giao thông vận tải 
260 |c 2011 
520 |a Sách Microsoft Visio 2010 dành cho người tự học được biên soạn nhằm mục đích giới thiệu, hỗ trợ bạn đọc tiếp cận, tự học nhanh và tốt nhất chương trình đầy quyền năng và tiện ích này. Nội dung sách gồm 14 bài tập, hướng dẫn bạn thiết kế mô hình từ lĩnh vực điện, điện tử (vẽ mô hình mạch điện) đến lĩnh vực hóa học (vẽ cấu trúc phân tử), lĩnh vực kiến trúc - xây dựng (vẽ mặt bằng nhà)... và nhiều hơn nữa : 
650 |a Computer graphics,Đồ họa vi tính 
650 |x Software,Phần mềm 
904 |i Hải 
980 |a Trung tâm Học liệu Trường Đại học Cần Thơ